Documento firmado por Don [Ignacio Manuel Altamirando] dirigido a Eduardo Goroztiza (Record no. 4855)
[ view plain ]
| 000 -CABECERA | |
|---|---|
| campo de control de longitud fija | 01375nam a2200301 a 4500 |
| 001 - NÚMERO DE CONTROL | |
| campo de control | BRCA_5161 |
| 005 - FECHA Y HORA DE LA ÚLTIMA TRANSACCIÓN | |
| campo de control | 20190320204951.0 |
| 008 - DATOS DE LONGITUD FIJA--INFORMACIÓN GENERAL | |
| campo de control de longitud fija | 221110s1861----mx-######v---#000-0#spa-# |
| 041 ## - CÓDIGO DE LENGUA | |
| Código de lengua del texto/banda sonora o título independiente | spa |
| 044 ## - CÓDIGO DEL PAÍS DE LA ENTIDAD EDITORA/PRODUCTORA | |
| Código MARC del país | mx |
| 084 ## - OTRO NÚMERO DE CLASIFICACIÓN | |
| Número de clasificación | DOC108 |
| Número de documento/Ítem | .A48 |
| -- | 1861 |
| 100 1# - ENTRADA PRINCIPAL--NOMBRE DE PERSONA | |
| Nombre de persona | Altamirando, Igancio Manuel |
| 9 (RLIN) | 13200 |
| 245 10 - MENCIÓN DE TÍTULO | |
| Título | Documento firmado por Don [Ignacio Manuel Altamirando] dirigido a Eduardo Goroztiza |
| Mención de responsabilidad, etc. | [Ignacio Manuel Altamirando], Eduardo Goroztiza. |
| 260 ## - PUBLICACIÓN, DISTRIBUCIÓN, ETC. | |
| Lugar de publicación, distribución, etc. | México |
| Fecha de publicación, distribución, etc. | 1861 |
| 300 ## - DESCRIPCIÓN FÍSICA | |
| Extensión | [1] foja |
| Dimensiones | 33 x 22 cm |
| 500 ## - NOTA GENERAL | |
| Nota general | Documento firmado el 24 de febrero de 1861 |
| 500 ## - NOTA GENERAL | |
| Nota general | El Zarco escribe a Eduardo Goroztiza, nombrandole internamente gefe de la Legación de América en este Ministerio. Sueldo |
| -- | ,500 conforme a la ley de el 6 de enero de 1856 |
| 500 ## - NOTA GENERAL | |
| Nota general | Documento firmado bajo el seudonimo de ´Zarco´ |
| 500 ## - NOTA GENERAL | |
| Nota general | El documento contiene la leyenda DOC. #272 |
| 500 ## - NOTA GENERAL | |
| Nota general | Estado de conservación: Contiene manchas de acidificación |
| 506 0# - NOTA DE RESTRICCIONES AL ACCESO | |
| Limitaciones de acceso | Fondo reservado: para su consulta es necesario credencial de usuario y carta de motivos |
| 546 ## - NOTA DE LENGUA/LENGUAJE | |
| Nota de lengua/lenguaje | Texto en: español a mediados del siglo XIX |
| 600 14 - PUNTO DE ACCESO ADICIONAL DE MATERIA--NOMBRE DE PERSONA | |
| Nombre de persona | Altamirano, Ignacio Manuel |
| Títulos y otros términos asociados al nombre | Zarco |
| Fechas asociadas al nombre | 1834-1893 |
| 9 (RLIN) | 13036 |
| 650 14 - PUNTO DE ACCESO ADICIONAL DE MATERIA--TÉRMINO DE MATERIA | |
| Término de materia o nombre geográfico como elemento de entrada | Diplomacia |
| Subdivisión de forma | Manuscrito |
| Subdivisión general | Documentos legales |
| Subdivisión cronológica | Constitución y reforma, 1855-1863 |
| Subdivisión geográfica | México |
| 9 (RLIN) | 13201 |
| 700 1# - PUNTO DE ACCESO ADICIONAL--NOMBRE DE PERSONA | |
| Nombre de persona | Goroztiza, Eduardo |
| 9 (RLIN) | 13202 |
| 902 ## - CATALOGADOR | |
| Iniciales | FDH |
| 942 ## - ELEMENTOS DE PUNTO DE ACCESO ADICIONAL (KOHA) | |
| Fuente del sistema de clasificación o colocación | Library of Congress Classification |
| Tipo de ítem Koha | Documentos |
| Estado de retiro | Estado de pérdida | Estado dañado | No para préstamo | Localización permanente | Ubicación/localización actual | Fecha de adquisición | Total de préstamos | Signatura topográfica completa | Código de barras | Fecha visto por última vez | Precio válido a partir de | Tipo de ítem Koha |
|---|---|---|---|---|---|---|---|---|---|---|---|---|
| El ejemplar forma parte de la colección y puede ser consultado según las políticas vigentes. | Biblioteca del Museo Franz Mayer (Rogerio Casas-Alatriste) | Biblioteca del Museo Franz Mayer (Rogerio Casas-Alatriste) | 22/11/2010 | DOC108 .A48 1861 | 5505 | 22/03/2019 | 22/03/2019 | Documentos |